[Event "EU-ch U16 23rd"]
[Site "Budva"]
[Date "2013.10.07"]
[Round "8"]
[White "Chistiakov, Mikhail"]
[Black "Murko, David"]
[Result "1-0"]
[WhiteElo "1927"]
[BlackElo "1824"]
[PlyCount "95"]
[EventDate "2013.09.29"]
[EventType "swiss"]
[EventRounds "9"]
[EventCountry "MNE"]
[SourceTitle "CBM 156 Extra"]
[Source "ChessBase"]
[SourceDate "2013.10.22"]
[SourceVersion "1"]
[SourceVersionDate "2013.10.22"]
[SourceQuality "1"]

1. e4 e5 2. Nf3 Nf6 3. Nc3 Bb4 4. d3 Nc6 5. g3 d5 6. exd5 Nxd5 7. Bd2 Bg4 8. h3 Be6 9. Bg2 Be7 10. Nxd5 Bxd5 11. 0-0 0-0 12. Bc3 Bf6 13. Re1 Re8 14. Nd2 Bxg2 15. Kxg2 g6 16. f4 Bg7 17. Qf3 exf4 18. Qxf4 Qd7 19. Ne4 f5 20. Nf6+ Bxf6 21. Bxf6 Qd6 22. Qxd6 cxd6 23. Bc3 Kf7 24. Kf3 Ne5+ 25. Kf2 Rac8 26. Re2 Re6 27. Rae1 Rce8 28. d4 Nd7 29. d5 Rxe2+ 30. Rxe2 Rxe2+ 31. Kxe2 Nf6 32. Bd4 a6 33. c4 Ne4 34. g4 fxg4 35. hxg4 h5 36. b4 hxg4 37. c5 Ke7 38. c6 bxc6 39. dxc6 d5 40. a4 Kd6 41. b5 axb5 42. axb5 Kc7 43. Ke3 g5 44. Be5+ Kb6 45. Kd4 Nc5 46. Kxd5 Kxb5 47. c7 Nd7 48. Bd4 1-0

[Event "EU-ch U16 23rd"]
[Site "Budva"]
[Date "2013.10.06"]
[Round "7"]
[White "Ali Marandi, Cemil Can"]
[Black "Chistiakov, Mikhail"]
[Result "1-0"]
[WhiteElo "2403"]
[BlackElo "1927"]
[PlyCount "77"]
[EventDate "2013.09.29"]
[EventType "swiss"]
[EventRounds "9"]
[EventCountry "MNE"]
[SourceTitle "CBM 156 Extra"]
[Source "ChessBase"]
[SourceDate "2013.10.22"]
[SourceVersion "1"]
[SourceVersionDate "2013.10.22"]
[SourceQuality "1"]

1. e4 c5 2. c3 Nf6 3. e5 Nd5 4. Nf3 Nc6 5. d4 cxd4 6. cxd4 d6 7. Bc4 Nb6 8. Bb5 dxe5 9. Nxe5 Bd7 10. Bxc6 Bxc6 11. Nxc6 bxc6 12. 0-0 g6 13. Nc3 Bg7 14. Be3 0-0 15. Rc1 Rc8 16. b3 Nd5 17. Nxd5 cxd5 18. Qd2 Qb6 19. h3 e6 20. Rfd1 Qa6 21. a4 Rxc1 22. Rxc1 Rc8 23. Rc3 Bf8 24. Qc2 Rxc3 25. Qxc3 Qb6 26. g3 a5 27. Qc8 Qxb3 28. Bh6 Qa3 29. Kg2 Qb4 30. h4 Qd6 31. Qa8 f5 32. Bxf8 Qxf8 33. Qxa5 f4 34. Qb6 f3+ 35. Kh2 Qf7 36. a5 Qe8 37. a6 g5 38. a7 gxh4 39. Qb8 1-0

[Event "EU-ch U16 23rd"]
[Site "Budva"]
[Date "2013.10.05"]
[Round "6"]
[White "Chistiakov, Mikhail"]
[Black "Sorin, Ilya"]
[Result "1-0"]
[WhiteElo "1927"]
[BlackElo "1672"]
[PlyCount "64"]
[EventDate "2013.09.29"]
[EventType "swiss"]
[EventRounds "9"]
[EventCountry "MNE"]
[SourceTitle "CBM 156 Extra"]
[Source "ChessBase"]
[SourceDate "2013.10.22"]
[SourceVersion "1"]
[SourceVersionDate "2013.10.22"]
[SourceQuality "1"]

1. e4 e5 2. Nf3 Nc6 3. Nc3 Nf6 4. g3 Bc5 5. Bg2 d6 6. d3 a6 7. 0-0 0-0 8. Be3 Ba7 9. h3 Bd7 10. Bxa7 Rxa7 11. d4 Ra8 12. Re1 Re8 13. Qd2 Qc8 14. Kh2 exd4 15. Nxd4 Nxd4 16. Qxd4 Re5 17. Nd5 Nxd5 18. exd5 Rh5 19. h4 g5 20. Re7 gxh4 21. gxh4 Bg4 22. Re8+ Qxe8 23. Qxg4+ Kh8 24. Qxh5 Qe7 25. Qg5 Qe2 26. Qf6+ Kg8 27. Rg1 Kf8 28. Qh8+ Ke7 29. Qxa8 Qxf2 30. Qc8 f5 31. Qe6+ Kd8 32. Qf6+ Kd7 1-0

[Event "EU-ch U16 23rd"]
[Site "Budva"]
[Date "2013.10.03"]
[Round "5"]
[White "Redman, David J"]
[Black "Chistiakov, Mikhail"]
[Result "1/2-1/2"]
[WhiteElo "1797"]
[BlackElo "1927"]
[PlyCount "81"]
[EventDate "2013.09.29"]
[EventType "swiss"]
[EventRounds "9"]
[EventCountry "MNE"]
[SourceTitle "CBM 156 Extra"]
[Source "ChessBase"]
[SourceDate "2013.10.22"]
[SourceVersion "1"]
[SourceVersionDate "2013.10.22"]
[SourceQuality "1"]

1. d4 d5 2. c4 e6 3. Nf3 c6 4. Nc3 Nf6 5. Qb3 Nbd7 6. Bg5 Be7 7. e3 0-0 8. Bd3 dxc4 9. Qxc4 h6 10. Bh4 Nd5 11. Bxe7 Qxe7 12. 0-0 N5b6 13. Qb3 e5 14. Nxe5 Nxe5 15. dxe5 Qxe5 16. Qc2 Rd8 17. Rae1 Qc5 18. Kh1 Nd5 19. Nxd5 Qxc2 20. Bxc2 Rxd5 21. Bb3 Rd8 22. Rd1 Be6 23. Bxe6 fxe6 24. g3 Kf8 25. Kg2 Ke7 26. Kf3 Rf8+ 27. Ke2 Rad8 28. h4 h5 29. f3 a6 30. e4 c5 31. Ke3 b5 32. b3 g6 33. Rxd8 Rxd8 34. Rc1 Kd6 35. Rd1+ Ke7 36. Rc1 Kd6 37. Rd1+ Kc7 38. Rc1 Kd6 39. Rd1+ Ke7 40. Rc1 Kd6 41. Rd1+ 1/2-1/2

[Event "EU-ch U16 23rd"]
[Site "Budva"]
[Date "2013.09.30"]
[Round "2"]
[White "Chistiakov, Mikhail"]
[Black "Zagorsek, David"]
[Result "1-0"]
[WhiteElo "1927"]
[BlackElo "1734"]
[PlyCount "61"]
[EventDate "2013.09.29"]
[EventType "swiss"]
[EventRounds "9"]
[EventCountry "MNE"]
[SourceTitle "CBM 156 Extra"]
[Source "ChessBase"]
[SourceDate "2013.10.22"]
[SourceVersion "1"]
[SourceVersionDate "2013.10.22"]
[SourceQuality "1"]

1. e4 c5 2. Nc3 Nc6 3. Bc4 g6 4. f4 Bg7 5. Nf3 e6 6. 0-0 Nge7 7. d3 0-0 8. a3 d5 9. Ba2 Rb8 10. Qe1 Nd4 11. Nxd4 cxd4 12. Nd1 dxe4 13. dxe4 Qc7 14. Bd2 Qxc2 15. Rc1 Qa4 16. Bb4 Qd7 17. e5 Nc6 18. Bxf8 Bxf8 19. Nf2 b6 20. Ne4 Be7 21. Bc4 Na5 22. Bd3 Nb3 23. Rc2 Bb7 24. Nf6+ Bxf6 25. exf6 Nc5 26. Qe5 Rd8 27. Rd1 Qe8 28. b4 Rd5 29. Qc7 Rd7 30. Bb5 Qf8 31. Bxd7 1-0

[Event "EU-ch U14"]
[Site "Prague"]
[Date "2012.08.23"]
[Round "7"]
[White "Chistiakov, Mikhail"]
[Black "Abbasov, Zaur Shahin"]
[Result "1-0"]
[WhiteElo "1879"]
[BlackElo "1839"]
[PlyCount "143"]
[EventDate "2012.08.17"]
[EventType "swiss"]
[EventRounds "9"]
[EventCountry "CZE"]
[SourceTitle "CBM 150 Extra"]
[Source "ChessBase"]
[SourceDate "2012.10.19"]
[SourceVersion "1"]
[SourceVersionDate "2012.10.19"]
[SourceQuality "1"]

1. e4 e6 2. d3 d5 3. Nd2 c5 4. g3 Nc6 5. Bg2 g6 6. f4 Bg7 7. Ngf3 Nge7 8. 0-0 Qc7 9. c4 0-0 10. e5 f6 11. exf6 Bxf6 12. Re1 Rd8 13. Qe2 Nf5 14. Nb3 a5 15. Kh1 a4 16. Nbd2 Nb4 17. g4 Ne7 18. cxd5 Nexd5 19. Ne4 Bd4 20. a3 Nc6 21. Neg5 Nxf4 22. Bxf4 Qxf4 23. Nxe6 Bxe6 24. Qxe6+ Qf7 25. Nxd4 Nxd4 26. Qxf7+ Kxf7 27. Re5 Rd7 28. Rf1+ Kg7 29. Rxc5 Rad8 30. Be4 b6 31. Rc4 b5 32. Rc5 Rb8 33. Rfc1 Nb3 34. Rc7 Rbd8 35. R1c3 Nd4 36. Kg2 Kf6 37. R3c5 Ke7 38. Kf2 Kd6 39. Rxd7+ Kxd7 40. Rd5+ Kc7 41. Ke3 Nc2+ 42. Kd2 Rxd5 43. Bxd5 Nd4 44. Ke3 Nc2+ 45. Ke4 b4 46. axb4 Nxb4 47. g5 Kd6 48. Bg8 Ke7 49. Kd4 a3 50. bxa3 Nc2+ 51. Ke5 Nxa3 52. d4 Kf8 53. Bb3 Nb1 54. d5 Nd2 55. Bd1 Ke7 56. d6+ Kd8 57. Bg4 Nf1 58. h3 Ne3 59. Kf6 Nc4 60. d7 Nd2 61. Kg7 Ne4 62. h4 Nf2 63. Be6 Nd3 64. Kxh7 Nf4 65. Bg4 Ke7 66. Kg7 Kd8 67. Kf7 Ng2 68. Kxg6 Nxh4+ 69. Kh6 Ke7 70. g6 Nxg6 71. Kxg6 Kd8 72. Kf7 1-0

[Event "EU-ch U14"]
[Site "Prague"]
[Date "2012.08.22"]
[Round "6"]
[White "Santos Ruiz, Miguel"]
[Black "Chistiakov, Mikhail"]
[Result "1-0"]
[WhiteElo "2069"]
[BlackElo "1879"]
[PlyCount "47"]
[EventDate "2012.08.17"]
[EventType "swiss"]
[EventRounds "9"]
[EventCountry "CZE"]
[SourceTitle "CBM 150 Extra"]
[Source "ChessBase"]
[SourceDate "2012.10.19"]
[SourceVersion "1"]
[SourceVersionDate "2012.10.19"]
[SourceQuality "1"]

1. e4 c5 2. Nf3 d6 3. Bb5+ Nc6 4. Bxc6+ bxc6 5. 0-0 e5 6. c3 f5 7. exf5 Bxf5 8. d4 e4 9. dxc5 exf3 10. Qxf3 Ne7 11. Re1 g6 12. Bg5 Qd7 13. cxd6 Qxd6 14. Na3 0-0-0 15. Qe3 Rd7 16. Bf4 Qd5 17. c4 Qa5 18. b4 Qxb4 19. Qe5 Rg8 20. Nb5 Rb7 21. Nd6+ Kd7 22. Rad1 Nd5 23. Nxb7 Bg7 24. Qc7# 1-0

[Event "St Petersburg Spring op"]
[Site "St Petersburg"]
[Date "2012.03.28"]
[Round "7"]
[White "Chistiakov, Mikhail"]
[Black "Klimshin, Ilia"]
[Result "1-0"]
[WhiteElo "1898"]
[BlackElo "1708"]
[PlyCount "75"]
[EventDate "2012.03.22"]
[EventType "swiss"]
[EventRounds "9"]
[EventCountry "RUS"]
[SourceTitle "EXT 2013"]
[Source "ChessBase"]
[SourceDate "2012.11.22"]
[SourceVersion "1"]
[SourceVersionDate "2012.11.22"]
[SourceQuality "1"]

1. e4 c5 2. Nf3 Nc6 3. d4 cxd4 4. Nxd4 g6 5. Nc3 Bg7 6. Be3 Nf6 7. Bc4 0-0 8. Bb3 d6 9. f3 Bd7 10. h4 h6 11. Qd2 Kh7 12. Nxc6 bxc6 13. 0-0-0 a5 14. h5 g5 15. Na4 c5 16. e5 c4 17. exf6 Bxf6 18. Nb6 cxb3 19. Nxa8 bxa2 20. Qd3+ Kg8 21. Qa3 a1R+ 22. Qxa1 Qxa8 23. Bd4 Bxd4 24. Rxd4 Qa7 25. Rd2 Rc8 26. Qa3 Be6 27. Re1 a4 28. Qe3 Qb7 29. Qd3 a3 30. bxa3 Ba2 31. Rf2 Qb6 32. Re3 f5 33. c3 f4 34. Rxe7 Kf8 35. Rfe2 Qa5 36. Re8+ Rxe8 37. Qxd6+ Kg7 38. Qg6+ 1-0

[Event "St Petersburg Spring op"]
[Site "St Petersburg"]
[Date "2012.03.26"]
[Round "5"]
[White "Chistiakov, Mikhail"]
[Black "Panov, Ivan"]
[Result "1/2-1/2"]
[WhiteElo "1898"]
[BlackElo "2037"]
[PlyCount "38"]
[EventDate "2012.03.22"]
[EventType "swiss"]
[EventRounds "9"]
[EventCountry "RUS"]
[SourceTitle "EXT 2013"]
[Source "ChessBase"]
[SourceDate "2012.11.22"]
[SourceVersion "1"]
[SourceVersionDate "2012.11.22"]
[SourceQuality "1"]

1. e4 c5 2. Nf3 d6 3. d4 cxd4 4. Nxd4 Nf6 5. Nc3 g6 6. Be3 Bg7 7. f3 0-0 8. Qd2 Nc6 9. 0-0-0 d5 10. Nxc6 bxc6 11. exd5 Nxd5 12. Nxd5 cxd5 13. Qxd5 Qc7 14. Qc5 Qb7 15. Qb5 Qc7 16. Qc5 Qb7 17. Qb5 Qc7 18. Qc5 Qb7 19. Qb5 Qc7 1/2-1/2

[Event "St Petersburg Autumn op"]
[Site "St Petersburg"]
[Date "2011.11.05"]
[Round "9"]
[White "Chistiakov, Mikhail"]
[Black "Petrochenko, Maria"]
[Result "0-1"]
[WhiteElo "1859"]
[BlackElo "1522"]
[PlyCount "122"]
[EventDate "2011.10.28"]
[EventType "swiss"]
[EventRounds "9"]
[EventCountry "RUS"]
[SourceTitle "EXT 2013"]
[Source "ChessBase"]
[SourceDate "2012.11.22"]
[SourceVersion "1"]
[SourceVersionDate "2012.11.22"]
[SourceQuality "1"]

1. e4 c5 2. c3 Nf6 3. e5 Nd5 4. d4 cxd4 5. cxd4 Nc6 6. Nf3 d6 7. Bc4 Nb6 8. Bb5 dxe5 9. Nxe5 Bd7 10. Nxd7 Qxd7 11. Nc3 e6 12. 0-0 Rd8 13. Be3 Be7 14. Qg4 0-0 15. Rfd1 f5 16. Qg3 Nd5 17. Nxd5 Qxd5 18. Bxc6 bxc6 19. h3 Bf6 20. f4 Rd7 21. Qf2 Rfd8 22. Rd2 a6 23. Rc1 Qe4 24. Rc4 Qd5 25. b3 Qb5 26. g4 Rd5 27. g5 Be7 28. Rdc2 Rc8 29. Qe1 Kf7 30. Qc3 Rd6 31. Rc5 Qb7 32. Qc4 g6 33. Ra5 Ra8 34. Rc5 Rc8 35. Bc1 Bf8 36. Ba3 Rd5 37. Rxd5 exd5 38. Qa4 Bxa3 39. Qxa3 Qb6 40. Qc5 Qxc5 41. Rxc5 Ke7 42. Ra5 Ra8 43. a4 Kd6 44. Rc5 Kc7 45. Kf2 Kb6 46. Rc3 Re8 47. Kf3 Re4 48. Rd3 Re1 49. Re3 Rxe3+ 50. Kxe3 Ka5 51. Kd3 Kb4 52. Kc2 a5 53. Kb2 c5 54. dxc5 Kxc5 55. Kc3 d4+ 56. Kd3 Kd5 57. b4 axb4 58. a5 Kc5 59. a6 Kb6 60. Kc4 d3 61. Kxd3 Kxa6 0-1

[Event "St Petersburg Blockade op"]
[Site "St Petersburg"]
[Date "2011.01.11"]
[Round "9"]
[White "Chistiakov, Mikhail"]
[Black "Mylnikov, Mikhail"]
[Result "1/2-1/2"]
[WhiteElo "1754"]
[BlackElo "1771"]
[PlyCount "104"]
[EventDate "2011.01.03"]
[EventType "swiss"]
[EventRounds "9"]
[EventCountry "RUS"]
[SourceTitle "CBM 140 Extra"]
[Source "ChessBase"]
[SourceDate "2011.03.01"]
[SourceVersion "1"]
[SourceVersionDate "2011.03.01"]
[SourceQuality "1"]

1. e4 c5 2. c3 d5 3. exd5 Qxd5 4. d4 e6 5. Nf3 Nf6 6. Nbd2 Nc6 7. Bc4 Qd8 8. Nb3 cxd4 9. Nbxd4 Nxd4 10. Nxd4 Bc5 11. Be3 Bb6 12. 0-0 0-0 13. Qf3 Bc7 14. Nb5 a6 15. Nxc7 Qxc7 16. Bd3 e5 17. Bg5 Ng4 18. Qg3 f5 19. h3 Nf6 20. Rfe1 f4 21. Qf3 Be6 22. Qe2 Nd7 23. Rad1 Rae8 24. f3 b5 25. a3 Nc5 26. Qxe5 Qxe5 27. Rxe5 Nxd3 28. Rxd3 h6 29. Bh4 Bc4 30. Rxe8 Rxe8 31. Rd8 Rxd8 32. Bxd8 g5 33. h4 gxh4 34. Bxh4 Kf7 35. g3 fxg3 36. Bxg3 a5 37. Kf2 Kf6 38. a4 bxa4 39. Bc7 Kf5 40. Bxa5 h5 41. Bc7 Bd5 42. Ke3 h4 43. Bd6 h3 44. Bh2 Kg5 45. Kd4 Bxf3 46. Kc5 Kg4 47. Kb5 Bd1 48. c4 Kf5 49. c5 Ke6 50. c6 Ke7 51. Bc7 h2 52. Bxh2 Kd8 1/2-1/2

[Event "St Petersburg Blockade op"]
[Site "St Petersburg"]
[Date "2011.01.10"]
[Round "8"]
[White "Chernyak, Viktoria"]
[Black "Chistiakov, Mikhail"]
[Result "0-1"]
[WhiteElo "1706"]
[BlackElo "1754"]
[PlyCount "144"]
[EventDate "2011.01.03"]
[EventType "swiss"]
[EventRounds "9"]
[EventCountry "RUS"]
[SourceTitle "CBM 140 Extra"]
[Source "ChessBase"]
[SourceDate "2011.03.01"]
[SourceVersion "1"]
[SourceVersionDate "2011.03.01"]
[SourceQuality "1"]

1. e4 c5 2. Nf3 d6 3. Bb5+ Nc6 4. 0-0 a6 5. Bxc6+ bxc6 6. d3 g6 7. c3 Bg7 8. Be3 Nf6 9. h3 Rb8 10. Qc2 0-0 11. Nbd2 Bd7 12. Rfe1 Qc7 13. Rac1 Rb7 14. Rb1 Rfb8 15. a3 a5 16. Rec1 Ne8 17. b3 Qd8 18. a4 Nf6 19. Kh1 h6 20. Kg1 Qc7 21. Nc4 Be6 22. Ncd2 Kh8 23. Nh2 g5 24. f3 Nd7 25. Kh1 f5 26. d4 f4 27. Bf2 h5 28. Qd1 Bh6 29. h4 Rg8 30. Qe2 g4 31. fxg4 hxg4 32. g3 Qb8 33. Qd1 Qf8 34. Qe2 Qf7 35. Rf1 f3 36. Qa6 Rb6 37. Qd3 Qg6 38. Be3 Bxe3 39. Qxe3 Rgb8 40. Qf4 Nf6 41. Qe3 cxd4 42. cxd4 Nh5 43. Rg1 Kh7 44. Nhf1 Qf7 45. Nh2 Qg8 46. Qc3 Bxb3 47. Qxa5 Qg6 48. Nhf1 Rb4 49. Kh2 R8b7 50. Kh1 Rxa4 51. Qc3 Ra2 52. Rxb3 Rxb3 53. Nxb3 Qxe4 54. Nbd2 Qe2 55. Qc1 Qd3 56. Qb1 Qxb1 57. Nxb1 Ra4 58. Ne3 Rxd4 59. Kh2 Re4 60. Nf1 Re2+ 61. Kh1 f2 62. Rg2 Re1 63. Nbd2 c5 64. Kh2 Re2 65. Nc4 d5 66. Nce3 Nf6 67. Nd1 Re1 68. Nde3 d4 69. Rxf2 dxe3 70. Rf4 e2 71. Ne3 Rh1+ 72. Kxh1 e1Q+ 0-1

[Event "St Petersburg Blockade op"]
[Site "St Petersburg"]
[Date "2011.01.06"]
[Round "4"]
[White "Paliy, Vladimir"]
[Black "Chistiakov, Mikhail"]
[Result "1-0"]
[WhiteElo "1881"]
[BlackElo "1754"]
[PlyCount "177"]
[EventDate "2011.01.03"]
[EventType "swiss"]
[EventRounds "9"]
[EventCountry "RUS"]
[SourceTitle "CBM 140 Extra"]
[Source "ChessBase"]
[SourceDate "2011.03.01"]
[SourceVersion "1"]
[SourceVersionDate "2011.03.01"]
[SourceQuality "1"]

1. d4 d5 2. c4 dxc4 3. Nf3 Nf6 4. e3 e6 5. Bxc4 c5 6. 0-0 a6 7. Qe2 b5 8. Bb3 Bb7 9. Rd1 Qc7 10. dxc5 Bxc5 11. Nc3 0-0 12. Bd2 Nbd7 13. Rac1 Ng4 14. h3 Bxf3 15. Qxf3 Qh2+ 16. Kf1 Nde5 17. Qf4 Qxf4 18. exf4 Nxf2 19. fxe5 Nxd1 20. Rxd1 Rfd8 21. Ke2 b4 22. Na4 Bd4 23. Bg5 f6 24. Bxe6+ Kf8 25. exf6 gxf6 26. Bh6+ Ke7 27. Bc4 a5 28. Rd3 Ba7 29. Bf4 Rac8 30. b3 Rxd3 31. Kxd3 Rd8+ 32. Ke2 Re8 33. Nb2 Bb8 34. Be3 Kd6 35. Kf3 Kc6 36. Nd3 Bd6 37. Nf4 Bc5 38. Bxc5 Kxc5 39. Ne6+ Kd6 40. Ke4 Rg8 41. g4 Rc8 42. Kd4 Rc6 43. Ng7 Rc8 44. Nf5+ Kd7 45. Kd5 Rb8 46. Nd6 Rd8 47. Kc5 Kc7 48. Ne4 Rd1 49. Nxf6 Rh1 50. Nxh7 Rxh3 51. Nf8 Rg3 52. Ne6+ Kd7 53. Kb5 Rxg4 54. Kxa5 Rg2 55. Kxb4 Rxa2 56. Kc5 Rb2 57. b4 Rxb4 58. Kxb4 Ke7 59. Kc5 Kf6 60. Kd6 Kg6 61. Ke5 Kh7 62. Kf6 Kh8 63. Nd8 Kh7 64. Nf7 Kg8 65. Bd3 Kf8 66. Bh7 Ke8 67. Bf5 Kf8 68. Nh6 Ke8 69. Be6 Kd8 70. Ke5 Kc7 71. Kd5 Kb6 72. Bd7 Kc7 73. Ba4 Kb6 74. Bc6 Kc7 75. Kc5 Kd8 76. Nf5 Kc7 77. Kb5 Kd8 78. Kb6 Kc8 79. Ne7+ Kd8 80. Nd5 Kc8 81. Kc5 Kd8 82. Kd6 Kc8 83. Bb5 Kb7 84. Kd7 Kb8 85. Ba6 Ka7 86. Bc8 Kb8 87. Kd8 Ka7 88. Kc7 Ka8 89. Ne7 1-0